[Event "Opera Euro Rapid Prelims 2021"]
[Site "Online"]
[Date "2021.02.03"]
[Round "8.6"]
[White "So, Wesley"]
[Black "Duda, Jan-Krzysztof"]
[Result "1-0"]
[WhiteElo "2770"]
[BlackElo "2743"]
[Annotator "TA"]
[PlyCount "179"]
[EventDate "2021.02.02"]
[EventType "tourn"]
[EventCountry "NET"]
[SourceTitle "playchess.com"]
[Source "ChessBase"]
[SourceQuality "1"]

{[%evp 12,179,29,7,31,16,19,0,0,0,0,8,8,0,12,16,20,0,5,0,0,0,0,0,0,-12,15,0,0,0,-4,-19,-5,-12,-12,-32,-31,-52,-74,-65,-11,-8,0,0,-7,-7,0,-14,0,0,0,0,0,0,2,0,0,0,0,0,0,0,0,0,0,0,0,0,0,0,0,0,0,0,0,0,0,0,0,0,0,0,0,0,0,0,0,-72,0,0,214,214,563,80,563,80,80,80,80,76,80,80,80,80,101,80,80,73,73,73,80,73,73,73,80,80,80,80,80,0,80,73,73,73,73,47,52,47,62,62,64,64,67,67,62,47,67,62,29964,29965,29964,29965,29965,29966,29965,0,3068,0,29963,29966,29962,29959,29971,29972,29972,29972,29973,29972,29974,29975,29977,29978,29978,29979,29981,29982,29982,29983,29983,29983]} 1. c4 e6 2. Nc3 d5 3. d4 Nf6 4. cxd5 Nxd5 5. e4 Nxc3 6. bxc3 c5 7. Rb1 $1 {[%mdl 4] now scores much better than the old 7.Nf3.} cxd4 {D35: Queen's Gambit Declined: Exchange Variation.} 8. cxd4 Nc6 9. Nf3 Bb4+ {The position is equal.} 10. Bd2 Bxd2+ 11. Qxd2 O-O 12. Bb5 Ne7 13. O-O b6 {[#]} 14. h4 $5 $146 {[%mdl 8] New and interesting.} ({Predecessor:} 14. Ne5 Bb7 15. Qe3 Ng6 16. Nd7 Re8 17. Nc5 bxc5 18. Bxe8 Rb8 19. Ba4 cxd4 20. Qb3 {1-0 (87) Lupulescu,C (2652)-Druska,J (2508) chess.com INT 2020}) 14... Bb7 15. Rfe1 Rc8 16. h5 h6 $1 17. Ne5 {Hoping for Nd7.} Qd6 18. Rb3 f5 19. f3 a6 20. Bf1 b5 21. Qe3 Rfd8 {White should prevent ...fxe4.} 22. Rd1 Nc6 23. Nxc6 (23. Rbd3 {with more complications.} Re8 24. Ng6 Ne7 25. Ne5 Rc2 26. R3d2) 23... Bxc6 24. a4 {[%cal Ra4b5]} fxe4 25. fxe4 {[%cal Ra4b5]} Be8 (25... bxa4 $15 26. Rb6 Qc7 27. Rxa6 Ra8) 26. axb5 $11 Bxh5 27. Rd2 {aiming for e5.} axb5 28. Rxb5 Bg6 29. Rd1 Rb8 30. e5 Qe7 31. Rxb8 Rxb8 32. Bc4 Rd8 33. Qh3 Bf7 34. Qg4 Qd7 35. Qe4 Qa4 36. Be2 Kh8 37. Kh2 (37. Qh4 {feels hotter.} Rd7 38. Qf2 Bg6 39. Kh2 Kh7 40. Qe3) 37... Bg8 38. Qg4 Qa7 39. Rd2 Qb6 40. Rd3 Qa7 41. Rd1 Qb6 42. Bf3 Qa7 43. Qf4 Qa4 44. Kg3 Qb4 45. Kh3 Rf8 46. Qe3 Rd8 47. g4 Rc8 48. Kg3 Bh7 49. g5 (49. Ra1 $11 {remains equal.}) 49... Rc3 ({Black should try} 49... h5 $1 $17) 50. Qf4 Qb7 $2 (50... Bf5 $11 {and Black stays safe.}) 51. Rc1 $1 $18 Rd3 $2 (51... Qb4 {is more resistant.}) 52. Qf8+ Bg8 53. gxh6 $2 (53. g6 $1 $18 {is the precise move to win.}) 53... Qf7 $16 54. hxg7+ Qxg7+ 55. Qxg7+ Kxg7 {[%mdl 4096] Endgame KRB-KRB} 56. Rc4 Bf7 {White must now prevent ...Bh5.} 57. Kf4 Rd2 58. Bg4 Kf8 59. Rc8+ Ke7 60. Rc7+ Kf8 61. Ke3 Rg2 62. Bf3 (62. Be2 {is interesting.} Bg6 63. Bf3 Rg1 64. Kf2 Rg5 65. Rc8+) 62... Rb2 63. Be2 Bg6 64. Bg4 Bf7 65. Kf4 (65. Rc4 $16) 65... Rb4 (65... Rd2 $11) 66. Rd7 Ke8 67. Rd6 Ke7 68. Bf3 Be8 69. Kg5 Ra4 70. Bg4 Bf7 71. Be2 {Strongly threatening Rd7+!} Rb4 72. Bf3 Be8 73. Kh6 Bf7 74. Bc6 {And now Kg7 would win.} Rb2 $2 {[%mdl 8192] [#] Black is on the road to losing.} (74... Rb1 $14) 75. Kg7 $1 Rc2 76. Rd7+ Ke8 77. Rc7+ Kd8 78. Rd7+ (78. Rxf7 $142 Rxc6 79. Kf6 Kc8 80. Ke7 Rc4 81. Rf8+ Kc7 82. Rd8 Rc6 83. Rd6) 78... Ke8 $18 79. Rc7+ (79. Rxf7+ $18 Rxc6 80. Kf6) 79... Kd8 80. Rxf7 {White mates.} Rxc6 {KR-KR} 81. Kf6 Rc4 82. Kxe6 Rxd4 83. Rf8+ Kc7 84. Ke7 Rh4 85. e6 Rh7+ 86. Kf6 Rh6+ {[#]} 87. Kf7 $1 Rh7+ 88. Kg6 Rh1 89. e7 Rg1+ 90. Kh5 {Weighted Error Value: White=0.20/Black=0.20} 1-0

[Event "Opera Euro Rapid Prelims 2021"]
[Site "Online"]
[Date "2021.02.03"]
[Round "9.1"]
[White "Shankland, Sam"]
[Black "Dubov, Daniil"]
[Result "0-1"]
[WhiteElo "2691"]
[BlackElo "2710"]
[Annotator "TA"]
[PlyCount "142"]
[EventDate "2021.02.02"]
[EventType "tourn"]
[EventCountry "NET"]
[SourceTitle "playchess.com"]
[Source "ChessBase"]
[SourceQuality "1"]

{[%evp 9,142,18,20,14,22,6,9,0,0,0,4,0,0,0,0,-10,0,-8,-1,0,22,22,13,1,37,15,31,37,46,47,60,35,43,25,54,35,56,37,33,33,33,33,34,27,35,9,3,0,7,10,4,12,7,0,0,0,7,0,0,0,0,0,0,0,0,-8,-8,-8,0,0,0,-10,0,-64,-64,-193,-192,-192,-192,-173,-191,-188,-175,-183,-171,-176,-155,-158,-77,-115,-121,-96,-81,-100,-56,-56,-58,-59,-59,-59,-59,-76,-59,-76,-76,-246,0,-76,-76,-81,-79,-81,-82,-94,-87,-328,-222,-1106,-689,-731,-720,-966,-751,-929,-938,-878,-843,-1288,-1132,-1701,-1566,-5330,-5330,-4145,-4145]} 1. d4 d5 2. c4 e5 3. dxe5 Ne7 4. Nf3 Nbc6 {[#]} 5. Nbd2 $146 ({Predecessor:} 5. cxd5 Nxd5 6. e4 Ndb4 7. a3 Na6 8. b4 Be7 9. b5 O-O 10. Qxd8 Bxd8 11. bxc6 bxc6 12. Be3 {1-0 (25) Hardy,D-Unterweger,S IECG email 2004}) 5... dxc4 6. e3 {D08: Albin Counter Gambit.} Ng6 7. Qa4 Bd7 8. e6 {The position is equal.} Bxe6 9. Bxc4 Bxc4 10. Qxc4 Be7 11. O-O O-O 12. Qb5 Rb8 13. Ne4 Qd7 14. Bd2 Nce5 15. Qxd7 Nxd7 16. Rac1 c5 17. Rfd1 Rfd8 18. Bc3 Ngf8 19. Kf1 Ne6 20. b3 f6 21. Ke2 Kf7 22. g4 Nb6 23. Ba5 Rxd1 24. Rxd1 Na8 25. h4 b6 26. Bc3 Rd8 27. Rxd8 Nxd8 28. g5 Ne6 29. gxf6 gxf6 30. Ng3 Nac7 31. Nf5 Nd5 32. Bd2 Bf8 33. a4 a6 34. Kd3 b5 35. axb5 axb5 36. Ba5 Ng7 37. Nxg7 Bxg7 $11 {[%mdl 4096] Endgame KBN-KBN} 38. h5 Ke6 39. Bd2 Bh6 40. Nh4 Bg5 41. Ng2 (41. Nf3 $11) 41... f5 $15 42. f4 (42. Ba5 $15) 42... Be7 $1 $19 43. e4 fxe4+ 44. Kxe4 Nf6+ 45. Kf3 Nxh5 46. Ne3 Nf6 47. f5+ Kd6 48. Be1 Nd5 ({Black should try} 48... Nd7 49. Bg3+ Kc6) 49. Bg3+ Kc6 {Strongly threatening ...Nxe3.} 50. Ng4 Bd6 {aiming for ...Bxg3.} 51. Bh4 h5 52. Nf2 $1 Be5 53. Ne4 Nb6 54. f6 Nd7 55. f7 Kd5 (55... Bd6 $5 56. Bg3 Be7 $17) 56. Bg3 Bg7 57. Nd6 $2 {[#]} (57. Kf4 $17 {is a better defense.}) 57... Kc6 $2 (57... b4 $1 $19 {White must now prevent ...Ke6.} 58. Nf5 Bf8) 58. Ke4 {[#]} (58. Nf5 $11 Bf6 59. Bd6) 58... h4 $1 $17 {[%cal Rh4g3][%mdl 512]} 59. Bh2 {[#]} (59. Bxh4 Kxd6) 59... Bf8 $1 {[%cal Rf8d6]} 60. Nf5 h3 61. Bg3 b4 62. Kf3 $2 (62. Bf4 $17) 62... Kd5 63. Kg4 $2 (63. Ne3+ Ke6 64. Nc4) 63... Ne5+ {Black is clearly winning.} 64. Kxh3 Nxf7 65. Ne3+ Kd4 66. Nc4 Kc3 67. Na5 Bd6 68. Bf2 Ne5 69. Be1+ Kc2 70. Bg3 Bc7 71. Nb7 c4 {Accuracy: White = 65%, Black = 83%.} 0-1

[Event "Opera Euro Rapid Prelims 2021"]
[Site "Online"]
[Date "2021.02.03"]
[Round "10.2"]
[White "Ding, Liren"]
[Black "Vidit, Santosh Gujrathi"]
[Result "1-0"]
[WhiteElo "2791"]
[BlackElo "2726"]
[Annotator "TA"]
[PlyCount "101"]
[EventDate "2021.02.02"]
[EventType "tourn"]
[EventCountry "NET"]
[SourceTitle "playchess.com"]
[Source "ChessBase"]
[SourceQuality "1"]

{[%evp 14,101,26,22,6,-22,-29,-72,-58,-74,-75,-84,-78,-64,-69,-84,-21,-141,42,39,39,40,35,35,36,36,36,40,40,40,33,37,42,20,20,19,16,0,5,5,9,13,13,0,21,16,16,16,16,16,18,11,18,0,31,31,62,21,21,21,21,10,84,54,118,111,113,102,102,23,23,23,23,0,23,23,31,22,29,32,120,122,154,145,12841,12843,12843,12842,12842,12843]} 1. c4 c5 2. g3 g6 3. Bg2 Bg7 4. Nc3 Nc6 5. Rb1 Nf6 6. a3 O-O 7. b4 cxb4 8. axb4 a6 {[%cal Ba7a6,Ba6b5][%mdl 32] A36: Symmetrical English vs ...g6: 4 Bg2 Bg7.} 9. d4 $5 {[%mdl 4] A promising side line.} d6 10. Nf3 Bf5 {[#] Black is better.} 11. Rb2 $146 ({Predecessor:} 11. Rb3 Rb8 12. Nh4 Bd7 13. O-O b5 14. cxb5 axb5 15. Qd3 Na7 16. h3 e6 17. d5 {½-½ (53) Mahaffey,S (1595)-Sullivan,G (1803) San Diego 2004}) 11... Ne4 12. Nd5 b5 13. cxb5 axb5 14. O-O Ra1 (14... Be6 $17 15. Ne3 d5) 15. Qc2 {[#]} (15. Ne3 $11 {keeps the balance.}) 15... Nxd4 $2 (15... Nxg3 $1 $17 {[%mdl 512]} 16. Qxc6 Nxf1 17. Bxf1 e5) 16. Nxd4 $14 Bxd4 17. Bxe4 Rxc1 $1 18. Rxc1 Bxb2 19. Qxb2 {Bxf5 is the strong threat.} Bxe4 {[#]} 20. Rc8 $1 {[%cal Rc8d8]} Bxd5 21. Rxd8 Rxd8 {[%mdl 4096] Endgame KQ-KRB} 22. Qd4 Bc4 23. Qa7 {[%mdl 1024] White has compensation.} Kf8 24. Kf1 f6 25. f3 Kf7 26. Kf2 d5 27. e3 h5 28. h4 Bd3 29. Ke1 Bc4 30. Kd2 Rg8 31. Kc3 Be2 32. Qb7 Rd8 33. Kd4 Bc4 34. Kc5 Ke8 35. g4 hxg4 36. fxg4 Kf7 37. Qc7 Rh8 (37... Rd6 $1 $11) 38. Qg3 Rc8+ (38... Rd8 $1 $14) 39. Kb6 $16 Bd3 40. g5 Rc4 {[#]} 41. Qg2 ({White should play} 41. gxf6 $1 $16 {Hoping for Qg5.} exf6 42. Qd6) 41... Re4 $1 $11 42. Qf3 Kg7 43. Kc7 Bc4 44. Qg3 Kf7 45. Qf2 Ke6 46. Kd8 fxg5 ({Better is} 46... Kf7 $14) 47. hxg5 $16 Rg4 {[#]} 48. Ke8 $1 Rxg5 $2 {[%mdl 8192]} (48... Re4 $16 49. Qf3 (49. Qf7+ Ke5 $16) 49... Ke5) 49. Qf7+ $18 {[%mdl 64] Double Attack. White is clearly winning.} Ke5 50. Qf4+ Ke6 51. Qxg5 {Weighted Error Value: White=0.16/Black=0.22} 1-0

[Event "Opera Euro Rapid Prelims 2021"]
[Site "Online"]
[Date "2021.02.03"]
[Round "10.3"]
[White "Carlsen, Magnus"]
[Black "Nakamura, Hikaru"]
[Result "1-0"]
[WhiteElo "2862"]
[BlackElo "2736"]
[Annotator "TA"]
[PlyCount "65"]
[EventDate "2021.02.02"]
[EventType "tourn"]
[EventCountry "NET"]
[SourceTitle "playchess.com"]
[Source "ChessBase"]
[SourceQuality "1"]

{[%evp 9,65,26,23,4,37,35,39,-7,-7,-23,-10,-6,-6,-7,-14,-14,6,-11,20,8,25,-28,-20,-16,-12,0,0,0,-11,-28,-18,-22,-10,-16,0,-61,-19,-19,0,0,0,-20,0,0,0,0,0,0,0,0,72,58,59,57,35,0,342,343]} 1. d4 Nf6 2. c4 e6 3. Nf3 d5 4. Nc3 Be7 5. Bf4 O-O 6. a3 {D37: Queen's Gambit Declined: 5 Bf4.} c5 (6... Nbd7 7. Nb5 Ne8 8. e3 dxc4 9. Bxc4 c5 10. dxc5 a6 11. Nbd4 Bxc5 12. O-O Qe7 13. Rc1 Bd6 14. Ba2 Ndf6 15. Ne5 Nd7 16. Ndc6 {1-0 (28) Carlsen,M (2863)-Nakamura,H (2736) chess24.com INT 2020}) 7. dxc5 Bxc5 8. b4 $5 {[%mdl 4] White is slightly better. Exploring less charted territory.} Be7 9. e3 a5 {[#]} 10. cxd5 $146 ({Predecessor:} 10. c5 b6 11. cxb6 Qxb6 12. Na4 Qa7 13. b5 Nbd7 14. Nd4 Bb7 15. b6 Nxb6 16. Nb5 {½-½ (48) Luba,L (2130)-Zaskalski,A (2186) Jastrzebia Gora 2018}) 10... Nxd5 11. Nxd5 exd5 12. b5 Nd7 {[%cal Bb8d7,Bd7c5,Bc5b3][%mdl 32]} 13. Be2 Nc5 14. O-O a4 15. Be5 ({Better is} 15. Nd4) 15... Nb3 $11 16. Ra2 Be6 17. Nd4 Bd6 18. Nxe6 fxe6 19. Bb2 Rc8 20. g3 Qd7 21. Bd3 {White wants to play Qh5.} Qf7 22. e4 (22. Bc2 $11) 22... Bc5 {[#] Strongly threatening ...dxe4.} 23. exd5 exd5 {[%cal Rc5f2]} 24. Be5 Rce8 25. Bf4 h6 26. Qg4 Re6 27. h4 $40 {[%mdl 128] White has some attack.} h5 28. Qd1 Rf6 29. Kg2 g6 (29... Rxf4 $11 30. gxf4 Nd4) 30. Bh6 Re8 31. Bg5 Rfe6 32. Bc2 Re1 $2 {[%mdl 8192] [#]} 33. Bxg6 $1 {[%mdl 512] Weighted Error Value: White=0.14/Black=0.38} 1-0

[Event "Opera Euro Rapid Prelims 2021"]
[Site "Online"]
[Date "2021.02.03"]
[Round "10.7"]
[White "Bluebaum, Matthias"]
[Black "Duda, Jan-Krzysztof"]
[Result "0-1"]
[WhiteElo "2670"]
[BlackElo "2743"]
[Annotator "TA"]
[PlyCount "158"]
[EventDate "2021.02.02"]
[EventType "tourn"]
[EventCountry "NET"]
[SourceTitle "playchess.com"]
[Source "ChessBase"]
[SourceQuality "1"]

{[%evp 10,158,2,0,0,11,11,11,22,20,22,11,47,15,30,11,20,5,0,-14,0,0,0,0,0,0,0,0,0,-3,-3,-8,-2,-9,-2,-14,0,0,0,-4,-6,-16,-20,-25,-20,-89,-67,-41,-50,-77,-79,-81,-60,-60,-36,-63,-45,-43,-41,-39,-46,-72,-61,-44,-2,-8,0,-8,-5,-6,0,0,0,0,0,0,0,0,0,0,0,0,0,0,0,0,0,-24,-20,-42,-32,-27,-50,-34,-28,-33,-27,-35,0,0,0,-1,-2,-2,-8,-6,-8,-4,-8,-8,-8,-8,0,-56,0,0,0,0,0,0,0,-67,0,0,0,0,0,0,0,-29974,-29975,-29975,-29976,-29976,-29977,-29977,-29978,-29978,-29979,-29984,-29982,-29984,-29985,-29985,-29986,-29986,-29987,-29987,-29988,-29989,-29990]} 1. d4 Nf6 2. Nf3 e6 3. e3 b6 4. Bd3 Bb7 5. O-O d5 6. b3 Nbd7 {D05: Colle System with ...e6.} 7. c4 dxc4 $5 {[%mdl 4] A promising side line.} 8. bxc4 c5 {[#] The position is equal.} 9. Nc3 $146 ({Predecessor:} 9. Bb2 cxd4 10. exd4 Be7 11. Nbd2 O-O 12. Qe2 Rc8 13. Rac1 Qc7 14. Ne4 Nxe4 15. Bxe4 Bxe4 16. Qxe4 Nf6 17. Qe2 Qb7 18. Qd3 Rfd8 19. Qb3 Rc7 20. Rc2 {0-1 (76) Terry,R (2504)-Dubov,D (2699) chess.com INT 2020}) 9... cxd4 10. exd4 Be7 11. Re1 O-O 12. Bb2 Re8 13. Rc1 Qc7 14. d5 exd5 15. Nxd5 Nxd5 16. cxd5 Qd6 17. Bb5 {And now Ne5 would win.} Bf8 $1 18. Rxe8 Rxe8 19. Bc6 Bxc6 20. dxc6 Nc5 21. Qxd6 Bxd6 22. Rd1 Bb8 23. Nd4 Rd8 24. Rb1 (24. Kf1 {with more complications.} f6 25. Ke2 Rc8 26. g3 Kf7 27. f4) 24... f6 25. Nb5 Ne6 26. g3 a6 27. Nc3 (27. Re1 $11) 27... Rd6 28. Ba3 Rd3 29. Bb2 b5 30. Rc1 Kf7 31. Ne4 Bc7 32. Rc2 Rd5 33. Kg2 f5 34. Nd2 g5 35. h3 h5 36. Nf1 f4 37. g4 Rd3 38. f3 (38. gxh5 {looks sharper.} f3+ 39. Kh1 Nf4 40. Rd2 Nxh3 41. Bd4) 38... hxg4 39. hxg4 Ba5 (39... a5 {seems wilder.} 40. Nd2 Nc5 41. Nb1 Na6 42. Nc3 Nb4) 40. Be5 $1 Bc7 41. Bxc7 Nxc7 $11 {[%mdl 4096] Endgame KRN-KRN} 42. Nd2 Rd5 43. Ne4 Ke7 44. Kf1 Kd8 45. Rh2 Ne6 46. Rh6 Nc5 47. Nf6 Rd3 48. Ke2 Re3+ 49. Kf2 {Black must now prevent Rh8+.} Re6 {Strongly threatening ...Kc7.} 50. Rg6 $1 Nd3+ 51. Kg2 Rxc6 52. Rxg5 ({But not} 52. Rg8+ $2 Ke7 $19) 52... Rc2+ 53. Kh3 Ne1 54. Rf5 Nxf3 {[%csl Gf3][%cal Rc2h2]} 55. Rxf4 Ng1+ 56. Kh4 Rh2+ 57. Kg3 Rxa2 58. Re4 Ra3+ 59. Kf4 Nh3+ 60. Ke5 Kc7 61. Kd5 (61. Nd5+ $11 Kd7 62. Rd4) 61... Ng5 (61... Ra1 $15) 62. Re5 Rf3 63. Ne8+ Kd7 64. Rxg5 {Nd6 is the strong threat.} Kxe8 {KR-KR} 65. Kc5 ({White should try} 65. Rg6 $11) 65... Rc3+ (65... Kf7 $15) 66. Kb6 Ra3 67. Rf5 $1 b4 {[%cal Bb5b4,Bb4b3,Bb3b2][%mdl 32] Hoping for ...b3.} 68. Rf1 b3 69. g5 $2 {[%mdl 8192]} (69. Kc5 $11) 69... b2 {Black mates.} 70. Rb1 Ra2 $1 71. g6 Kf8 72. Kc5 {[#]} a5 $1 {[%cal Ba6a5,Ba5a4,Ba4a3][%mdl 32]} 73. Kd4 {[#]} a4 $1 74. Ke5 Kg7 75. Kf5 a3 76. Rd1 Ra1 77. Rd7+ Kf8 78. g7+ Kg8 79. Kf6 Rf1+ {Weighted Error Value: White=0.07/Black=0.06} 0-1

[Event "Opera Euro Rapid Prelims 2021"]
[Site "Online"]
[Date "2021.02.03"]
[Round "10.8"]
[White "Shankland, Sam"]
[Black "Dominguez Perez, Leinier"]
[Result "1/2-1/2"]
[WhiteElo "2691"]
[BlackElo "2758"]
[Annotator "TA"]
[PlyCount "87"]
[EventDate "2021.02.02"]
[EventType "tourn"]
[EventCountry "NET"]
[SourceTitle "playchess.com"]
[Source "ChessBase"]
[SourceQuality "1"]

{[%evp 12,87,12,14,19,19,21,24,25,8,43,33,28,0,0,0,16,7,7,11,20,12,6,0,7,8,8,8,6,0,0,3,3,3,2,3,3,-16,-27,-32,-30,-14,-21,-56,-35,-43,-39,-54,-29,-31,0,0,0,0,0,0,0,0,0,0,0,0,0,0,3,3,4,4,4,4,4,4,4,4,4,0,0,0]} 1. d4 Nf6 2. c4 e6 3. Nf3 d5 4. Nc3 Bb4 5. cxd5 exd5 6. Bg5 h6 7. Bh4 O-O {D38: Queen's Gambit Declined: Ragozin Defence (4 Nf3 Bb4).} 8. e3 Bf5 9. Qb3 Bxc3+ {White has an edge.} 10. Qxc3 {is cutting edge theory.} g5 11. Bg3 Ne4 12. Qa3 ({Avoid the trap} 12. Bxc7 $2 Qe7 $19) 12... Re8 13. Bd3 h5 {[#]} 14. Ne5 $146 ({Predecessor:} 14. Rc1 Nc6 15. O-O h4 16. Bxc7 Qxc7 17. Nxg5 Qd7 18. Nxe4 Bxe4 19. Bxe4 Rxe4 20. h3 {0-1 (39) Shankland,S (2713)-Vidit,S (2703) Biel 2019}) 14... Qe7 15. Qxe7 Rxe7 16. O-O-O f6 {[#]} 17. f3 $1 fxe5 18. fxe4 Bxe4 19. Bxe4 dxe4 20. h4 exd4 21. Rxd4 Nc6 22. Rd5 Nb4 23. Rxg5+ Rg7 $1 24. Kd2 Rd8+ 25. Ke2 Nd3 26. Bf4 c6 27. g4 Rxg5 28. hxg5 hxg4 $15 {[%mdl 4096] Endgame KRB-KRN} 29. Rg1 Kg7 30. Rxg4 Kg6 31. Rh4 {The position is equal.} Kf5 32. Rh7 Nxf4+ 33. exf4 Kxf4 $11 {KR-KR} 34. g6 Kf5 35. Rxb7 {[#] aiming for g7.} Kxg6 36. Rxa7 Kf5 37. Rc7 Ra8 38. Rxc6 Rxa2 39. Ke3 Rxb2 40. Rc5+ Ke6 41. Kxe4 Rb4+ 42. Kd3 Kd6 43. Rc4 Rxc4 44. Kxc4 {Weighted Error Value: White=0.04/Black=0.03} 1/2-1/2

[Event "Opera Euro Rapid Prelims 2021"]
[Site "Online"]
[Date "2021.02.03"]
[Round "11.1"]
[White "Dominguez Perez, Leinier"]
[Black "Dubov, Daniil"]
[Result "0-1"]
[WhiteElo "2758"]
[BlackElo "2710"]
[Annotator "TA"]
[PlyCount "98"]
[EventDate "2021.02.02"]
[EventType "tourn"]
[EventCountry "NET"]
[SourceTitle "playchess.com"]
[Source "ChessBase"]
[SourceQuality "1"]

{[%evp 13,98,44,35,36,42,51,37,50,54,31,35,50,31,37,32,26,31,29,37,37,27,30,24,22,44,44,42,32,34,0,0,0,0,0,8,6,6,6,9,-61,85,55,68,-36,-37,-50,-36,-65,-22,-127,-132,-278,-269,-329,-328,-321,-277,-560,-547,-509,-484,-624,-608,-1425,-1389,-4134,-4134,-4133,-1502,-29965,-29966,-29967,-29969,-29970,-29971,-29969,-29972,-29973,-29971,-29971,-29971,-29975,-29976,-29976,-29977,-29973,-29974]} 1. e4 c5 2. Nf3 d6 3. d4 cxd4 4. Nxd4 Nf6 5. Nc3 Nc6 6. Bg5 g6 7. Bxf6 exf6 8. Bb5 {B60: Sicilian: Richter-Rauzer: Unusual Black 6th moves and 6...Bd7 without 7 Qd2.} Bd7 9. Qd2 Bg7 10. O-O-O {White is slightly better.} O-O $1 11. Bxc6 bxc6 12. Nb3 Be6 13. Qxd6 Qb6 14. Qc5 f5 15. Qxb6 axb6 {[#]} 16. exf5 $146 ({Predecessor:} 16. Nd4 Bxa2 17. b3 b5 18. Rhe1 b4 19. Nce2 c5 20. Nf3 fxe4 21. Nd2 f5 22. Nf4 {0-1 (32) Halfhide,S (2102)-Bitalzadeh,A (2400) Netherlands 2015}) 16... Bxf5 17. Nd4 Bd7 18. a3 Rfe8 19. Rd3 h5 20. Rhd1 Rac8 21. f3 c5 22. Ndb5 Bxb5 23. Nxb5 {Threatens to win with Nd6.} Bh6+ 24. Kb1 {Black must now prevent Nd6.} Re2 $1 25. Rg1 Be3 $36 {[%mdl 2048] [#] Black is more active.} 26. Rh1 (26. Nc3 $1 $11 Bxg1 27. Nxe2 Bxh2 28. c4) 26... Re8 (26... c4 $15 {keeps the upper hand.} 27. Rd5 Rxg2) 27. Nd6 Re6 28. Ne4 ({White should try} 28. Nc4 $14) 28... f5 $15 29. Nc3 Rxg2 30. Re1 f4 31. Nd5 (31. h4 $11) 31... Kf7 $17 ({Wrong is} 31... Rxh2 $2 {[#]} 32. Nxf4 $1 {[%mdl 512]} Rh1 33. Rxh1 $18) 32. Nxe3 {Loses the game.} (32. h4 $17 {might work better.}) 32... fxe3 $19 ({But not} 32... Rxe3 33. Rdxe3 fxe3 34. h3 $19) 33. Rdxe3 Rxe3 34. Rxe3 Rxh2 $17 {[%mdl 4096] Endgame KR-KR} 35. b4 $2 (35. Re4) 35... cxb4 $19 36. axb4 Rf2 37. Kb2 h4 38. b5 h3 39. f4 h2 40. Rh3 Kf6 (40... g5 $142 41. fxg5 Kg6) 41. Rh4 g5 {Black mates.} 42. Rh6+ Kf5 43. fxg5 Kxg5 44. Rh7 Kg4 45. Rh6 Kg3 46. Rg6+ Kf3 47. Rf6+ Kg2 48. Rg6+ Kf1 49. Rh6 Kg1 {Weighted Error Value: White=0.64/Black=0.17} 0-1

[Event "Opera Euro Rapid Prelims 2021"]
[Site "Online"]
[Date "2021.02.03"]
[Round "11.2"]
[White "Duda, Jan-Krzysztof"]
[Black "Shankland, Sam"]
[Result "1/2-1/2"]
[WhiteElo "2743"]
[BlackElo "2691"]
[Annotator "TA"]
[PlyCount "119"]
[EventDate "2021.02.02"]
[EventType "tourn"]
[EventCountry "NET"]
[SourceTitle "playchess.com"]
[Source "ChessBase"]
[SourceQuality "1"]

{[%evp 23,119,29,40,25,35,2,13,-18,-17,-58,-20,-89,-89,-53,-65,-52,-47,-51,-52,-54,-49,-27,-32,-93,-75,-102,0,-4,-4,-4,0,-17,208,-60,0,0,0,0,51,51,51,45,51,51,51,16,51,51,51,51,51,51,51,45,51,0,16,0,51,51,51,51,51,51,51,0,51,0,51,0,51,0,0,0,0,0,0,0,0,0,0,0,0,0,0,0,0,0,0,0,0,0,0,0,0,0,0,0]} 1. d4 Nf6 2. c4 g6 3. Nc3 d5 4. cxd5 Nxd5 5. e4 Nxc3 6. bxc3 Bg7 7. Bc4 O-O 8. Ne2 c5 9. O-O Nc6 10. Be3 Bg4 11. f3 Bd7 $1 {[%mdl 4] now scores much better than the old 11...Na5.} 12. Rb1 Qc7 13. Qd2 {D87: Exchange Grünfeld: Classical Line: Variations without ...cxd4.} Rfd8 {[#]} 14. Bd5 $146 ({Predecessor:} 14. Rfc1 Be8 15. h4 e5 16. Bd5 cxd4 17. cxd4 exd4 18. Nxd4 Qe5 19. Ne2 b6 20. Bf4 Qe7 {½-½ (40) Giri,A (2764)-Nepomniachtchi,I (2784) chess24.com INT 2020}) 14... e6 15. Bxc6 Bxc6 16. Rb3 b5 17. Bh6 (17. Rbb1 $11) 17... Bxh6 $1 $17 18. Qxh6 b4 19. Rc1 Ba4 20. Rb2 cxd4 21. cxd4 Qb6 22. Qg5 a5 23. Rc5 (23. Qc5 $15 Qa6 24. Qe5) 23... Bd1 24. Qe5 Qd6 (24... Bxe2 $17 25. Rxe2 a4) 25. Qxd6 $11 Rxd6 26. d5 $1 exd5 27. e5 Rb6 {[#]} (27... Re6 $11 {and Black has nothing to worry.}) 28. Nf4 $2 ({And not} 28. Rxd5 Bxe2 29. Rxe2 a4 $17) (28. Nc3 $1 $18 {[%mdl 512]}) 28... b3 (28... d4 $15) 29. Rc1 ({But not} 29. Rxd5 Bc2 $17) 29... Bc2 30. Nxd5 Rb7 (30... Rbb8 $1 $11) 31. Ne3 $36 {[%mdl 2048] White has some pressure.} a4 {And now ...a3 would win.} 32. Nxc2 {[%mdl 64] axb3 is the strong threat. Pin} Rc8 33. axb3 axb3 34. f4 Rc3 {[%mdl 64] [#] Pin} 35. Rcb1 $1 {Hoping for Na1.} Rxc2 (35... bxc2 36. Rxb7) 36. Rxb3 Rxb3 37. Rxb3 {[%mdl 4096] Endgame KR-KR} h5 38. Re3 Kf8 39. g3 (39. Ra3 $14) 39... Ke7 40. Ra3 Rb2 ({Better is} 40... h4 $11) 41. Ra6 Rc2 42. Rd6 Rb2 43. Rc6 Ra2 44. Rd6 Rb2 $1 45. h3 (45. Rf6 $14) 45... Ra2 (45... Rb3 $11) 46. Kf1 ({White should play} 46. h4 $1 $14) 46... Rb2 (46... Ra3 $11) 47. Ke1 (47. h4 $1 $14) 47... Rb3 $11 {The position is equal.} 48. Kf2 h4 $1 49. g4 Rxh3 50. f5 gxf5 51. gxf5 Ra3 52. f6+ Ke8 53. Kg2 Ra5 54. e6 fxe6 55. Rxe6+ Kf7 56. Re4 Kxf6 57. Rxh4 Rg5+ 58. Kf3 Kg6 59. Rg4 Rxg4 60. Kxg4 {Weighted Error Value: White=0.25/Black=0.24} 1/2-1/2